Unnes Law Journal

Bibliographic Details
Format: eBook
Language:English
Published: Nueva Delhi: Editorial vLex, 2012 -
Subjects:
Online Access:Acceso restringido

MARC

LEADER 00000nam a22000007a 4500
005 20201020232648.0
007 cr|||| ||||
008 201020c20129999in zn|w s|||| 0|||b1eng d
022 |a 2252-6536 
035 |a 32233 
040 |a vLex 
090 |c 10773  |d 10773 
245 1 0 |a Unnes Law Journal  |h [Recurso electrn̤ico] / 
256 |a Servicio en ln̕ea 
260 |a Nueva Delhi:  |b Editorial vLex,  |c 2012 - 
300 |a 1 recurso electrn̤ico 
310 |a Irregular 
362 |a Nð 1-1 (Abr. 2012) - 
506 1 |a Disponible solo en los productos indicados  |d vLex Global  |d vLex Global (Academic Edition, excluding Law Schools)  |d vLex Global (U.S. Academic Edition, Law Schools)  |d vLex Global (U.S. Academic Edition, excluding Law Schools)  |d vLex Global (Academic Edition, Law Schools) 
650 0 4 |a Derecho Penal  |z India 
650 0 4 |a Derecho Pb︢lico y Administrativo  |z India 
650 0 4 |a Derecho Constitucional  |z India 
650 0 4 |a Derecho Civil  |z India 
740 0 |a vLex Revistas (Servicio en ln̕ea) 
856 4 0 |u http://vlex.com/source/unnes-law-journal-32233  |z Acceso restringido 
942 |c REV 
999 0 |a Criminal Law 
999 0 |a Public and Administrative Law 
999 0 |a Constitutional Law 
999 0 |a Civil Law